Neural networks : (Record no. 22329)
[ view plain ]
| 000 -LEADER | |
|---|---|
| fixed length control field | 01035cam a22003015a 4500 |
| 001 - CONTROL NUMBER | |
| control field | 17507957 |
| 005 - DATE AND TIME OF LATEST TRANSACTION | |
| control field | 20201128023828.0 |
| 008 - FIXED-LENGTH DATA ELEMENTS--GENERAL INFORMATION | |
| fixed length control field | 121025t2012 gw a frb 001 0 eng d |
| 020 ## - INTERNATIONAL STANDARD BOOK NUMBER | |
| International Standard Book Number | 9783642352881 |
| 020 ## - INTERNATIONAL STANDARD BOOK NUMBER | |
| International Standard Book Number | 364235288X |
| 040 ## - CATALOGING SOURCE | |
| Original cataloging agency | Nz |
| Transcribing agency | UW1 |
| Modifying agency | OCLCO |
| -- | DLC |
| -- | EG-ScBUE |
| Language of cataloging | eng |
| 082 04 - DEWEY DECIMAL CLASSIFICATION NUMBER | |
| Classification number | 006.32 |
| Edition number | 22 |
| Item number | NEU |
| 245 00 - TITLE STATEMENT | |
| Title | Neural networks : |
| Remainder of title | tricks of the trade / |
| Statement of responsibility, etc | [editors] Gregoire Montavon, Genevieve B. Orr, Klaus-Robert Muller. |
| 250 ## - EDITION STATEMENT | |
| Edition statement | 2nd ed. |
| 260 ## - PUBLICATION, DISTRIBUTION, ETC. (IMPRINT) | |
| Place of publication, distribution, etc | Heidelberg : |
| Name of publisher, distributor, etc | Springer, |
| Date of publication, distribution, etc | c.2012. |
| 300 ## - PHYSICAL DESCRIPTION | |
| Extent | xi, 769 p. : |
| Other physical details | ill. ; |
| Dimensions | 24 cm. |
| 490 0# - Series Statement | |
| Series statement | Lecture notes in computer science, |
| International Standard Serial Number | 0302-9743 ; |
| Volume/sequential designation | 7700. |
| 490 0# - Series Statement | |
| Series statement | LNCS ; |
| Volume/sequential designation | 7700. |
| 500 ## - GENERAL NOTE | |
| General note | "State-of-the-art survey"--Cover. |
| 504 ## - BIBLIOGRAPHY, ETC. NOTE | |
| Bibliography, etc | Includes bibliographical references and indexes. |
| 650 #7 - SUBJECT ADDED ENTRY--TOPICAL TERM | |
| Topical term or geographic name as entry element | Neural networks (Computer science) |
| Source of heading or term | BUEsh |
| 9 (RLIN) | 2046 |
| 651 ## - SUBJECT ADDED ENTRY--GEOGRAPHIC NAME | |
| Source of heading or term | BUEsh |
| 653 ## - INDEX TERM--UNCONTROLLED | |
| Resource For college | Informatics and Computer Science |
| Arrived date list | September2016 |
| 700 1# - ADDED ENTRY--PERSONAL NAME | |
| Personal name | Montavon, Gregoire, |
| Relator term | editor. |
| 700 1# - ADDED ENTRY--PERSONAL NAME | |
| Personal name | Orr, Genevieve, |
| Relator term | editor. |
| 700 1# - ADDED ENTRY--PERSONAL NAME | |
| Personal name | Muller, Klaus-Robert, |
| Relator term | editor. |
| 942 ## - ADDED ENTRY ELEMENTS (KOHA) | |
| Source of classification or shelving scheme | Dewey Decimal Classification |
| Withdrawn status | Item status | Source of classification or shelving scheme | Damaged status | Not for loan | Vendor | Home library | Current library | Shelving location | Date acquired | Source of acquisition | Cost, normal purchase price | Serial Enumeration / chronology | Total Checkouts | Total Renewals | Full call number | Barcode | Date last seen | Date last borrowed | Cost, replacement price | Koha item type |
|---|---|---|---|---|---|---|---|---|---|---|---|---|---|---|---|---|---|---|---|---|
| Dewey Decimal Classification | Baccah | Central Library | Central Library | Lower Floor | 07/09/2016 | Purchase | 826.50 | 2000088 | 1 | 10 | 006.32 NEU | 000033572 | 15/07/2025 | 04/10/2023 | 1033.13 | Book - Borrowing |